000 00776nam a22002417a 4500
003 DO-SdBPM
005 20250122101127.0
008 171108b2015 dr a 00| 0 spa d
040 _aDO-SdBPM
_bspa
_cBPMSU
082 4 _a372.42
_bM534c 2015
_222
100 1 _aMena, Carmen
245 1 0 _aCuentajuegos :
_buna experiencia donde las palabras cobran vida /
_cCarmen Mena, Isabel Vargas
260 _aSanto Domingo :
_bINTEC,
_c2015.
300 _a36 p. :
_bil. ;
_c22 cm.
504 _aBibliografía : p. 35-36
590 _aInventariado, 2025/VM
650 4 _a Actividades de promoción de lectura
650 4 _aLibros y lectura para niños
650 4 _aCuentos
_xEnseñanza
700 1 _aVargas, Isabel
_eautor
910 _aVMateo V. Control de calidad. BPMSU
942 _2ddc
_cBK
999 _c12807
_d12807